000 00270nam a2200109Ia 4500
008 220204s9999 xx 000 0 und d
082 _a021
_bING
100 _aInglis, B
245 0 _aNatural and supernatural
260 _aLondon
_bHodder and Stoughton
_c1977
942 _cBK
999 _c28014
_d28014